Grundlansen des Offentlichen dientreschts : Verfassungsreschtlicher Stan und Lösung vom Arbeitsrecht /
Guardado en:
| Autor Principal: | |
|---|---|
| Formato: | Libro |
| Idioma: | Spanish |
| Publicado: |
Alemania :
J.C.B. Mohr Tübingen,
1957
|
| Materias: | |
| Etiquetas: |
Agregar Etiqueta
Sin Etiquetas, Sea el primero en etiquetar este registro!
|
| LEADER | 00470nam a22001335a 4500 | ||
|---|---|---|---|
| 001 | DER.der001938 | ||
| 005 | 20060908000000.0 | ||
| 008 | 180615s1957####||||||||||||||||||||spa|| | ||
| 100 | 1 | |a Wacke, Gerhard | |
| 245 | 1 | 0 | |a Grundlansen des Offentlichen dientreschts : |b Verfassungsreschtlicher Stan und Lösung vom Arbeitsrecht / |c Gerhard Wacke |
| 260 | |a Alemania : |b J.C.B. Mohr Tübingen, |c 1957 | ||
| 300 | 0 | |a 130 p. | |
| 653 | |a LEYES DE EMPLEO | ||
| 859 | |a DERECHO |b BIB. DERECHO |h 342 |i WAC |p 004053 | ||
